000 00288nam a22001337a 4500
008 170926b xxu||||| |||| 00| 0 eng d
020 _a9780312153137
041 _aeng
080 _a37
100 _a46
101 _aEDU
245 _aCOMPOSING KNOWLEDGE
_cNORGAARD,R
942 _2udc
_cBK
999 _c30005
_d30005